000 00198 a2200097 4500
020 _a9780385335881
041 _aeng
100 _aKinsella, Sophie
245 _aShopaholic takes manhattan
942 _cBK
999 _c8495
_d8495